THE CARAKA SAMHITA (Record no. 22603)

MARC details
000 -LEADER
fixed length control field 00364nam a22001577a 4500
003 - CONTROL NUMBER IDENTIFIER
control field SGT
020 ## - INTERNATIONAL STANDARD BOOK NUMBER
International Standard Book Number 9789384541255
082 ## - DEWEY DECIMAL CLASSIFICATION NUMBER
Classification number 615.53
Item number C21S
100 ## - MAIN ENTRY--PERSONAL NAME
Personal name SASTRI, KASHINATHA
245 ## - TITLE STATEMENT
Title THE CARAKA SAMHITA
260 ## - PUBLICATION, DISTRIBUTION, ETC. (IMPRINT)
Place of publication, distribution, etc VARANASI
Name of publisher, distributor, etc CHAUKHAMBA PUBLISHER
Year of Publication 2021
300 ## - PAGE DESCRIPTION
No. of Pages 912
650 ## - SUBJECT ADDED ENTRY--TOPICAL TERM
Topical term or geographic name as entry element CARAKA SAMHITA
653 ## - KEYWORDS--INDEX TERM
Keyword term CARAKA , SAMHITA
942 ## - ADDED ENTRY ELEMENTS (KOHA)
Source of classification or shelving scheme Dewey Decimal Classification
Koha item type Books
942 ## - ADDED ENTRY ELEMENTS (KOHA)
-- 3
Holdings
Withdrawn status Lost status Source of classification or shelving scheme Damaged status Use restrictions Not for loan Collection code Home library Current library Shelving location Date acquired Vendor Name Cost, normal purchase price Volume Information (Serial or Books or Non-Book Material) SGTU Bill Number Total Checkouts Full call number Accession No. (Barcode) Date last seen Date last borrowed Bill Date Koha item type
    Dewey Decimal Classification   Restricted Access   AYURVEDA SGT FA-FP Library SGT FA-FP Library Reference Book 18/04/2022 CHAUKHAMBHA PUB 625.00 1 SGTU CP/B/1070 4 615.53 C21S FA11213 29/06/2024 02/05/2024 14/03/2022 Books